| 000 | 01053cab a22001935a 4500 | ||
|---|---|---|---|
| 001 | L141850 | ||
| 008 | 080103s2008 xxk f 000 0 eng d | ||
| 035 | _a(Sirsi) u141850 | ||
| 041 | 0 | _aeng | |
| 100 | 1 | _aWilcox, Steve | |
| 245 | 0 | 0 | _aRental revival |
| 260 | _c2007 | ||
| 490 |
_aRoof _v33(1) January/February 2008, 33-35(3) |
||
| 520 | _aReports on a resurgence in the private rented sector. It is now cheaper to rent than to buy in all parts of the country. Rents have kept pace with earnings, but property prices have soared. The growth in buy-to-let mortgages is seen as partly responsible. Some are attracted to the private rented sector by the higher mobility it provides. The lack of maintenance costs as a tenant is also a factor. If new investment in private renting declines as a result of the Northern Rock credit crunch, rents may fall further. However limited supply means this is not inevitable. | ||
| 590 | _aKA | ||
| 651 | 4 |
_aUnited Kingdom _y |
|
| 690 | _aPROPERTY-RESIDENTIAL PROPERTY-RESIDENTIAL PROPERTY MARKET | ||
| 942 | _n0 | ||
| 999 |
_c79624 _d79624 |
||